00311 a2200109 4500001000700000020000600007040001100013100002700024240007300051245006800124362000900192167867 a  cMagnum aPapaleo Netto, Matheus10aGerontologia: a velhice e o envelhicimento em visao globalizadalpor10aGerontologia: a velhice e o envelhicimento em visao globalizada0 a1899